| 000 | 01219nam a22002777a 4500 | ||
|---|---|---|---|
| 999 |
_c63390 _d63390 |
||
| 005 | 20240530110638.0 | ||
| 008 | 171004s2016 ua a g b 000 0 ara d | ||
| 017 |
_a2015/16406 _bمصر. دار الكتب |
||
| 020 | _a9789777532709 | ||
| 040 |
_aEG-CaGPL _cEG-CaGPL |
||
| 082 | 0 | 4 |
_221 _a657.48\ _bم م |
| 100 | 0 | _aمحمود ابراهيم عبدالسلام تركى . | |
| 245 | 1 | 2 |
_aالمحاسبة المالية المتقدمة : _bالانضمام بين الشركات المساهمة والقوائم المالية الموحدة / _cمحمود ابراهيم عبدالسلام تركى . |
| 250 | _aط.1 | ||
| 260 |
_aالاسكندرية : _bدار الوفاء لدنيا الطباعة و النشر ، _c2016 . |
||
| 300 |
_a326 ص ؛ _c24 سم . |
||
| 504 | _aببليوجرافية : ص 309 - 310 | ||
| 650 | 0 | 7 |
_2qrmak _aالمحاسبة . |
| 650 | 0 | 7 |
_2qrmak _aشركات الشخص الواحد |
| 650 | 0 | 7 |
_2qrmak _aالشركات الاجنبية . |
| 650 | 0 | 7 |
_2qrmak _aالتجارة الدولية . |
| 650 | 0 | 7 |
_2qrmak _aالتقارير المالية . |
| 650 | 0 | 7 |
_2qrmak _aالشركات _xمحاسبة |
| 942 |
_2ddc _cBK |
||